00656nac a22002057a 4500001001000000003000900010005001700019008003400036040005400070072000800124100001600132100001700148110007000165245003700235260003400272300000900306490009800315650001100413650002600424BR8305402BR-BrBNA20240105115853.0230509b bl.|||m| |||| 00| 0 por d aBR-BrBNAbporcBiblioteca Nacional de Agricultura aQ101 aPinto, G.L.1 aCoelho, D.T.1 aUniversidade Federal de Vicosa, MG (Brasil). Conselho de Extensao1 aProducao de melado no meio rural3 aVicosa, MG (Brasil): c1983.  a8 p. aInforme Tecnico - Universidade Federal de Vicosa, MG (Brazil). Conselho de Extensaovno. 34x aMELADO aINDUSTRIA ALIMENTICIA